Memoria a dos voces
שמור ב:
| Main Authors: | , |
|---|---|
| פורמט: | ספר |
| שפה: | ספרדית |
| יצא לאור: |
Santiago
Andrés Bello
1995
|
| מהדורה: | 1a. ed |
| נושאים: | |
| תגים: |
הוספת תג
אין תגיות, היה/י הראשונ/ה לתייג את הרשומה!
|
MARC
| LEADER | 00000cam a2200000 a 4500 | ||
|---|---|---|---|
| 001 | UCZ0406 | ||
| 003 | CL-VaPUC | ||
| 005 | 20220223180208.0 | ||
| 008 | 950728e19950000CL |||||||||||||||||spa|d | ||
| 999 | |c 237337 |d 237335 | ||
| 020 | |a 9561313146 | ||
| 040 | |c Pontificia Universidad Católica de Valparaíso | ||
| 082 | 0 | 4 | |a 923 |b MIT |2 21 |
| 100 | |a Mitterrand, François |e autor |9 343216 | ||
| 245 | 1 | 0 | |a Memoria a dos voces |
| 250 | |a 1a. ed | ||
| 260 | |a Santiago |b Andrés Bello |c 1995 | ||
| 300 | |a 194 p | ||
| 583 | |a last modification |c 20151019 11:33:08 |k Rodrigo Vera | ||
| 650 | 0 | |a Biografías |9 255210 | |
| 700 | 0 | |a Wiesel, Elie |e author |9 343217 | |
| 942 | |c BK |2 ddc | ||
| 945 | |d 19950728 00:00:00 |a rbrito | ||
| 952 | |0 0 |1 0 |4 0 |6 923_000000000000000_MIT_1995 |7 0 |8 A |9 246275 |a BIBHIS |b BIBHIS |d 2019-11-18 |i 3114449 |l 1 |o 923 MIT 1995 |p 3114449 |r 2025-01-20 |s 2024-04-11 |w 2019-11-18 |y BK |k HIS | ||